000 00633nam a2200217Ia 4500
005 20250701164516.0
008 008 250505s9999 xx 000 0 eng d
020 _a9781032589343
037 _aTextual
040 _aEASL
_beng
_cEASL
041 _aeng
_2eng
084 _aX7243:89ZB.41QIN, R4
_qEASL
100 _aHu Zhu
_9815084
245 0 _aHistory of Qing Economy Studies
260 _aUSA
_bNY Routledge NY
_c2024
300 _a180pg
365 _aUK
_b11789rps
650 _aChina-Economic conditions-Qing dynasty
_9815085
942 _cTEXL
_hX7243:89ZB.41QIN, R4
999 _c1433310
_d1433310